Barcelona : (Record no. 353972)

000 -LEADER
fixed length control field 01823nam a2200265 a 4500
001 - CONTROL NUMBER
control field ASIN3866540299
003 - CONTROL NUMBER IDENTIFIER
control field OSt
005 - DATE AND TIME OF LATEST TRANSACTION
control field 20180116192423.0
008 - FIXED-LENGTH DATA ELEMENTS--GENERAL INFORMATION
fixed length control field 140701s2008 xxu eng d
020 ## - INTERNATIONAL STANDARD BOOK NUMBER
International Standard Book Number 3866540299 (hardcover)
020 ## - INTERNATIONAL STANDARD BOOK NUMBER
International Standard Book Number 9783866540293 (hardcover)
040 ## - CATALOGING SOURCE
Transcribing agency sada
050 04 - LIBRARY OF CONGRESS CALL NUMBER
Classification number NA1311.B3
082 04 - DEWEY DECIMAL CLASSIFICATION NUMBER
Classification number 720.946
245 00 - TITLE STATEMENT
Title Barcelona :
Remainder of title architecture and design.
260 ## - PUBLICATION, DISTRIBUTION, ETC.
Place of publication, distribution, etc. [S.l.] :
Name of publisher, distributor, etc. DAAB MEDIA,
Date of publication, distribution, etc. 2008.
300 ## - PHYSICAL DESCRIPTION
Extent 237 p. ;
Dimensions 33 cm.
520 ## - SUMMARY, ETC.
Summary, etc. Barcelona is the cultural center of Spain. A tourist's hot spot and one of the most frequented cities in summer. There is a lot more to Barcelona's architecture than just Gaud�. Since the Olympic Games in 1992 international architects began to shape the capital of Modernism with numerous contructions. Norman Foster, Frank O. Ghery and many more have left their footsteps. The Forum of Cultures 2004 provided another opportunity of city planning. Slowly Barcelona has been transformed into a an artistic reference: it has an insatiable appetite for new design and innovations, but still highly values its rich architectural past. Old and new are close. Like this it became a model that other cities may choose to imitate due to its cosmopolitan atmosphere. This book shows the newest architectural developements in Barcelona and introduces several projects. Not only public and cultural buildings but also private houses are shown. As far as available floor plans will give additional insights. An index with contact information of the respective architects is enclosed.
650 #0 - SUBJECT ADDED ENTRY--TOPICAL TERM
Topical term or geographic name entry element Architecture
9 (RLIN) 7611
650 #0 - SUBJECT ADDED ENTRY--TOPICAL TERM
Topical term or geographic name entry element Interior decoration
9 (RLIN) 7612
650 #0 - SUBJECT ADDED ENTRY--TOPICAL TERM
Topical term or geographic name entry element Spain--Barcelona
9 (RLIN) 7613
700 1# - ADDED ENTRY--PERSONAL NAME
Personal name DAAB Media.
9 (RLIN) 7614
856 40 - ELECTRONIC LOCATION AND ACCESS
Materials specified Amazon.com
Uniform Resource Identifier <a href="http://www.amazon.com/exec/obidos/ASIN/3866540299/chopaconline-20">http://www.amazon.com/exec/obidos/ASIN/3866540299/chopaconline-20</a>
942 ## - ADDED ENTRY ELEMENTS (KOHA)
Source of classification or shelving scheme
Koha item type Book
Holdings
Withdrawn status Lost status Source of classification or shelving scheme Damaged status Not for loan Permanent Location Current Location Date acquired Total Checkouts Total Renewals Full call number Barcode Date last seen Date last checked out Cost, replacement price Price effective from Koha item type
          School of Art Design and Architecture (SADA) School of Art Design and Architecture (SADA) 07/01/2014 1 1 720.946 BAR 2008 SADA0002337 02/10/2015 12/16/2014 5831.38 07/03/2014 Book
© 2023 Central Library, National University of Sciences and Technology. All Rights Reserved.